000 00332nam a22001457a 4500
003 SGT
020 _a9788189530976
082 _a340.072,TIW
100 _aTIWARI, H. N.
245 _aLEGAL RESEARCH METHODOLOGY
260 _aHARYANA
_bALLAHABAD
_c2014
300 _a318
650 _a RESEARCH METHODOLOGY
942 _2ddc
_cBK
_015
999 _c10144
_d10144